000 004420000a22001690004500
003 MACL
005 20160108155109.0
008 160108b xxu||||| |||| 00| 0 eng d
040 _aMACL
_cMACL
041 _aEnglish
082 _a920/HAM
100 _aHamilton, Allan Mclane
_929931
245 _aThe Intimate Life of Alexander Hamilton
260 _bDuckworth & co
_c1910
_aLondon
650 _aBiography
_929932
942 _cBK
_k920/HAM
_2ddc
999 _c37097
_d37097